000 01964cam a2200421Mi 4500
001 ocn824664411
003 TZ-ArACH
005 20150416143424.0
008 130119m19949999xx 000 0 eng d
020 _a0792327187 (v. 1 : cloth)
020 _a9780792327189 (v. 1 : cloth)
035 _a(OCoLC)824664411
040 _aW4K
_beng
_cTZ-ArACH
_dOCLCO
_dX$@
_dOCLCQ
_dOCLCF
041 _aFr
043 _af------
049 _aTZAA
050 _aKZ21
_b.A345 1993
082 0 4 _a341.096
110 2 _aAfrican Association of International Law.
_914389
245 1 0 _aAfrican yearbook of international law = Annuaire Africain de droit international Vol. 1 1993
_bAnnuaire Africain de droit international /
_cPublie sous les auspices de l'Association Africaine de Droit International. / published under the auspices of the African Association of International Law.
246 1 0 _aAnnuaire Africain de droit international
260 _aDordrecht/The Hague :
_bMartinus Nijhoff/Kluwer Law International,
_c©1994-
300 _ax, 341p.
_c25 cm
500 _aEnglish and French.
500 _aLib. has v. 1 (1993) -
504 _aIndexes
650 0 _aInternational law
_zAfrica
_vPeriodicals.
_914390
650 0 _aInternational law
_vPeriodicals.
_914391
650 7 _aInternational law.
_2fast
_914392
650 7 _aDroit international
_xPériodiques
_zAfrique
_914396
651 7 _aAfrica.
_2fast
_914393
655 7 _aPeriodicals.
_2fast
_915737
710 2 _aAfrican Association of International Law.
_914395
942 _2lcc
_cBOOK
999 _c2930
_d2930